000 00419nam a22001697a 4500
008 240110b ||||| |||| 00| 0 eng d
020 _a8131100235
041 _aeng
082 _a174.907
_bPRM
100 _aPrabhkar Naval
245 _aMedia Ethics and Law
260 _aNew Delhi
_bCommonwealth Pub. Pvt. Ltd.
_c2024
300 _a312p.
650 _aMASS COMMUNICATION
700 _aBasu Narendra
942 _cBK
999 _c47767
_d47767